Statistiques concernant Drapeaux de pays récemment disparus

Cliquez ici pour prendre le quiz!

Statistiques générales

  • Ce quiz a été pris 96 fois
    (68 depuis la dernière actualisation)
  • Le résultat moyen est 7 sur 16

Statistiques - réponses

Réponse% Correct
URSS
93%
Allemagne de l'est
83%
Yougoslavie
81%
Tibet
69%
Kampuchea
62%
Serbie-et-Monténégro
55%
Yemen du Nord
52%
Sud-Vietnam
50%
Rhodésie
38%
Mustang
34%
Somaliland
34%
Yemen du Sud
26%
Haute Volta
22%
Tanganyika
22%
Ville Libre de Dantzig
19%
Biafra
7%

Distribution des résultats

Percentile par nombre de réponses

% des personnes avec chaque résultat

Votre développement - résultats

Vous n’avez pas pris ce quiz depuis la dernière actualisation